TEXTBOOK OF MEDICINAL CHEMISTRY (VOL-I) (Record no. 6092)

MARC details
000 -LEADER
fixed length control field 00477nam a22001817a 4500
005 - DATE AND TIME OF LATEST TRANSACTION
control field 20230117103944.0
008 - FIXED-LENGTH DATA ELEMENTS--GENERAL INFORMATION
fixed length control field 200314b xxu||||| |||| 00| 0 eng d
020 ## - INTERNATIONAL STANDARD BOOK NUMBER
ISBN 978-93-85915499
041 ## - LANGUAGE CODE
Language code of text/sound track or separate title eng
082 ## - DEWEY DECIMAL CLASSIFICATION NUMBER
Classification number 615.19
Item number ALA-T
100 ## - MAIN ENTRY--AUTHOR NAME
Personal name ALAGARSAMY
245 ## - TITLE STATEMENT
Title TEXTBOOK OF MEDICINAL CHEMISTRY (VOL-I)
250 ## - EDITION STATEMENT
Edition statement 3rd, Ed. 2016
260 ## - PUBLICATION, DISTRIBUTION, ETC. (IMPRINT)
Name of publisher CBS PUBLISHER AND DISTRIBUTERS
Year of publication 2020
300 ## - PHYSICAL DESCRIPTION
Number of Pages 614,p;xiii,
650 ## - SUBJECT ADDED ENTRY--TOPICAL TERM
Topical Term PHARMACY
General subdivision B.PHARMA
942 ## - ADDED ENTRY ELEMENTS (KOHA)
Koha item type Books
Holdings
Lost status Damaged status Collection code Home library Current library Shelving location Date acquired Source of acquisition Cost, normal purchase price Full call number Accession Number Koha item type
    PHARMACY JRU Library JRU Library SHELF-18-B 14/03/2020 PURCHESS 525.00 615.9 23817 Books
    Reference JRU Library JRU Library SHELF-5-B 18/02/2021 PURCHES 595.00 615.9 25577 Books
    PHARMACY JRU Library JRU Library SHELF-18-B 18/02/2021 PURCHES 595.00 615.9 25578 Books
    PHARMACY JRU Library JRU Library SHELF-18-B 18/02/2021 PURCHES 595.00 615.9 25579 Books
    PHARMACY JRU Library JRU Library SHELF-18-B 18/02/2021 PURCHES 595.00 615.9 25580 Books
    PHARMACY JRU Library JRU Library SHELF-18-B 18/02/2021 PURCHES 595.00 615.9 25581 Books
    PHARMACY JRU Library JRU Library SHELF-18-B 06/03/2021 PURCHES 595.00 615.19 25723 Books